15 Most Consumed Alcohols in the World - Statistics

General Stats
  • This quiz has been taken 682 times
  • The average score is 7 of 15
Answer Stats
Hint Answer % Correct
$25.98 billion Vodka
96%
$793.74 billion Beer
95%
$441.6 billion Wine
93%
$64 billion Whiskey
82%
$17.4 billion Rum
78%
$15.3 billion Gin
74%
$14.7 billion Tequila
70%
$8.81 billion Sake
43%
$17.9 billion Cider
38%
$12.1 billion Brandy
36%
$3.17 billion Soju
18%
$95.21 billion Baijiu
5%
$14.39 billion Hard Seltzer
3%
$128.9 billion Liqueurs
3%
$6.73 billion Shochu
3%
No matching quizzes found
Score Distribution
Percent of People with Each Score
Percentile by Number Answered
Your Score History
You have not taken this quiz